| 000 | 00522nam a2200181 a 4500 | ||
|---|---|---|---|
| 005 | 20140310183151.0 | ||
| 008 | 030127s19uu xx 00 eng d | ||
| 020 | _a0064537161 | ||
| 050 |
_aQA 76.73.B3 _b.C55 1979 |
||
| 100 | _aChou, George Tsu-der | ||
| 245 |
_aComputer programming in BASIC / _cGeorge Tsu-der Chou. |
||
| 260 |
_aSan Francisco : _bCanfield Press, _c1979. |
||
| 300 |
_a305 p. : _c25 cm. |
||
| 521 | _aIT | ||
| 650 | _aBASIC ( Computer Program Language ) | ||
| 942 |
_cBK _2lcc _kFOR |
||
| 999 |
_c19656 _d19656 |
||